Direct taxes : (Record no. 5428)

MARC details
000 -LEADER
fixed length control field 00521cam a2200193ua 4500
008 - FIXED-LENGTH DATA ELEMENTS--GENERAL INFORMATION
fixed length control field 131127n ii |||gr||||Z||||||eng
020 ## - INTERNATIONAL STANDARD BOOK NUMBER
International Standard Book Number 978-93-5071-239-9
040 ## - CATALOGING SOURCE
Transcribing agency MAIN
082 ## - DEWEY DECIMAL CLASSIFICATION NUMBER
Classification number 336.294
245 ## - TITLE STATEMENT
Title Direct taxes :
Remainder of title Law & practice /
Statement of responsibility, etc. By Vinod K. Singhania .
250 ## - EDITION STATEMENT
Edition statement 50th ed.
260 ## - PUBLICATION, DISTRIBUTION, ETC.
Place of publication, distribution, etc. New delhoi:
Name of publisher, distributor, etc. Taxmann publications,
Date of publication, distribution, etc. 2013.
700 ## - ADDED ENTRY--PERSONAL NAME
Personal name Singhania,Vinod K.,
Relator term
700 1# - ADDED ENTRY--PERSONAL NAME
Personal name Singhania,Kapil,
Relator term
942 ## - ADDED ENTRY ELEMENTS (KOHA)
Koha item type Books
653 ## - INDEX TERM--UNCONTROLLED
Uncontrolled term Commerce
653 ## - INDEX TERM--UNCONTROLLED
Uncontrolled term Direct taxes
Holdings
Withdrawn status Lost status Damaged status Not for loan Home library Current library Shelving location Date acquired Total Checkouts Full call number Barcode Date last seen Copy number Price effective from Koha item type
        Naharkatiya College Library Naharkatiya College Library General Stacks 19/09/2020   336.294 | SIN 22302 19/09/2020 1 19/09/2020 Books

Naharkatiya College © 2020. All rights reserved.

Powered By